MDQL
is popping MORE tags! Check the
thread
!
Quizzes
Events
Quiz Creation
Community
Videos
Private Events
Remove Ads
Sign In
Join for FREE
Feedback
Dark Mode
Quiz Categories
Sports
Geography
Music
Movies
Television
Just For Fun
Miscellaneous
History
Literature
Language
Science
Gaming
Entertainment
Religion
Holiday
For Kids
Quiz Lab
Recent
Popular Today
Quiz Kudos Today
Editor Picks
Curator Picks
Quizzes by...
Day
Popularity
Type
Ratings
Length
Year
Community
Subscriptions
Recent Discussions
Orange Saloon
Badges
Playlists
Quests
Create
Leaderboards
Showdown
Live 5
Trivia Bingo
Activity
Puzzle Library
Sporcle Events
Private Events
Virtual Trivia
Globe League
Become a Host
Pub Owners
SporcleCon
Opinionation
Our Games
Videos
Blog
Mobile Apps
Partnerships
Remove Ads and Go Orange
Feedback
Sports
Athletes
MLB
NBA
NHL
NFL
Soccer
Sports Teams
WWE
NCAA
Football
Premier League
Basketball
Baseball
Hockey
Golf
Tennis
Cricket
Rugby
Auto Racing
Olympics
World Cup
Sports
Athletes
MLB
NBA
NHL
NFL
Soccer
Sports Teams
WWE
NCAA
Football
Premier League
Basketball
Baseball
Hockey
Golf
Tennis
Cricket
Rugby
Auto Racing
Olympics
World Cup
Random Quiz
Search Sporcle
×
Quiz Lab
Quiz Lab
Sports
NBA
Type in answers that appear in a list
Type in answers that appear in a list
Classic
Best Score? Go Orange.
NBA Hall of Fame Probability Stats
Can you name the NBA Hall of Fame Probability?
By
attackbyquack
8m
50 Questions
3,082 Plays
3,082 Plays
3,082 Plays
Comments
Comments
Give Quiz Kudos
Give Quiz Kudos
-
- Ratings
hide this ad
Replay
Link that replays current quiz
Next Quiz
Link to next quiz in quiz playlist
You Got
0%
They Got
Avg Score
66%
Avg Friend Score
Upgrade to see
Score Distribution
Jump to the score distribution portion of the page
Score
0/50
Timer
08:00
0
Plays Today
Team (Most Games Played)
Player
% Correct
Los Angeles Lakers
Kobe Bryant
98.9%
Cleveland Cavaliers
LeBron James
98.2%
San Antonio Spurs
Tim Duncan
96.2%
Miami Heat
Dwayne Wade
94.8%
Los Angeles Lakers
Shaquille O'Neal
94.1%
Minnesota Timberwolves
Kevin Garnett
94%
Dallas Mavericks
Dirk Nowitzki
93.4%
Philadelphia 76ers
Allen Iverson
93.2%
Indiana Pacers
Jermaine O'Neal
93%
Boston Celtics
Paul Pierce
92.8%
New Jersey Nets
Jason Kidd
90%
San Antonio Spurs
Tony Parker
89.2%
Toronto Raptors
Vince Carter
87.9%
Phoenix Suns
Steve Nash
86.5%
Houston Rockets
Tracy McGrady
81.5%
Memphis Grizzlies
Pau Gasol
80.9%
Detroit Pistons
Ben Wallace
80.9%
Portland Trailblazers
Rasheed Wallace
80.8%
Detroit Pistons
Chauncey Billups
80.6%
Milwaukee Bucks
Ray Allen
80.4%
Orlando Magic
Dwight Howard
79.6%
Denver Nuggets
Carmelo Anthony
79.4%
Washington Wizards
Gilbert Arenas
76.3%
Phoenix Suns
Amare Stoudemire
74.8%
Toronto Raptors
Chris Bosh
73.8%
Team (Most Games Played)
Player
% Correct
San Antonio Spurs
Manu Ginobili
72%
Detroit Pistons
Richard Hamilton
69.8%
Atlanta Hawks
Joe Johnson
62.4%
Phoenix Suns
Shawn Marion
61.6%
Los Angeles Clippers
Elton Brand
54.1%
Charlotte/
New Orleans Hornets
Baron Davis
53.7%
Milwaukee Bucks
Michael Redd
53.7%
Milwaukee Bucks
Mo Williams
53.1%
Detroit Pistons
Grant Hill
52%
Washington Wizards
Antawan Jamison
52%
Los Angeles Lakers
Derek Fisher
49%
Utah Jazz
Carlos Boozer
48.8%
New Orleans Hornets
David West
47%
Dallas Mavericks
Jason Terry
42.4%
Los Angeles Lakers
Lamar Odom
40.3%
Sacramento Kings
Peja Stojakovic
39.5%
Sacramento Kings
Mike Bibby
37.2%
Detroit Pistons
Jerry Stackhouse
35.9%
Philadelphia 76ers
Andre Iguodala
34.4%
Portland Trailblazers
Zach Randolph
34.2%
Seattel Supersonics
Rashard Lewis
33.5%
Washington Wizards
Caron Butler
31.6%
Dallas Mavericks
Michael Finley
31.4%
Denver Nuggets
Andre Miller
29.2%
Golden State Warriors
Jason Richardson
26.2%
Quiz Playlist
Details
Report
Send in Message
Add To Playlist
Classic:
Type in answers that appear in a list
Quiz Source
Last Updated: Sep 7, 2018
Quiz Scoreboard
CHALLENGE
Sign Up to Join the Scoreboard
Show All
Scores
Hide
Comments
May contain spoilers
Recently Published
Two Season TV Shows II
by 123Four
Television
10m
Image Sorting: Flags VI
by Barbecue
Geography
2m
Find the 'City' Movie
by crazypaving
Movies
60s
More to Explore
Quiz From the Vault
Featured Blog Post
14 Easter Pick-up Lines to Find Eggs With
hide this ad
You Might Also Like...
Tags
Basketball Quiz
NBA Quiz
fame
hall
Player
Probability
team
Today's Top Quizzes in Sports
Browse Sports
hide this ad
Today's Top Quizzes in NBA
Browse NBA
Top Contributed Quizzes in Sports
1
Les meilleurs buteurs des matchs entre le PSG et l’OM
2
Les entraîneurs de l'OM et du PSG au 21e siècle
3
2022 World Cup Stars
4
Les joueurs passés par le PSG et l'OM
5
Players with Multiple 50 Home Run Seasons
6
Criteria MLB: Left Handed Sluggers
7
FIFA Club World Cup Champions
8
Les joueurs passés par le LOSC et le RC Lens
9
NBA Logic Puzzle 2.0
10
Top 10 NHL Goal Scorers of All Time
Explore More
Trending Topics
Marvel
Crossword
Disney
Anime
NBA
Kpop
Harry Potter
Song
WWE
Soccer
Puzzle
NFL
The Office
Country
Pokémon
hide this ad
More By:
attackbyquack
Quiz
Plays
Rating
Category
Featured
Created
100 Rec. 1000 Yards 10 TD Club
3,602
4.25
Sports
Dec 14, 2009
NBA Hall of Fame Probability
3,082
3.44
Sports
May 28, 2010
NFL 1500 Yards 15 TDs in a season
338
Sports
Dec 20, 2009
Best Comedic Actors of the 2000's
268
1.00
Movies
Dec 8, 2009
Rivals 5 Star Prospects 2006-2009
259
4.33
Sports
Dec 12, 2009
Go to Creator's Profile
Score Distribution
Quiz Creator Spotlight
attackbyquack
Follow
Send a Message
Quizzes Created
-
Created Quiz Play Count
-
More By This Creator
Popular Quizzes Today
1
Colored Red Africa Blitz
2
Find the US States - No Outlines Minefield
3
Find the 'City' Movie
4
5x2 Blitz: Bands
5
The Countries of the World
6
Find the US States
7
Find the Countries of Europe - No Outlines Minefield
8
US States
More Sports Quizzes
If NBA MVPs Were Awarded Like the MLB
Editor's Pick
Trending Quizzes
Colored Red Europe Blitz I
Colored Red Africa Blitz II
Colored Red Europe Blitz II
Colored Red Africa Blitz III
Colored Red Europe Blitz III
Recently Updated
How Do You Spell That?
pecheneg
Godzilla Movies
pecheneg
Grab Bag: 4-10 Letters
pecheneg
2024 March Madness Bracket
pecheneg
Famous TV Couples
Peacemaker
Champions League XIs: Real Madrid
pecheneg
Largest US Cities 1790-2010
pecheneg
Rides in Walt Disney World
pecheneg
Most Oscar Losses (Acting)
pecheneg
Beyoncé Albums
pecheneg
Trending Topics
Disney
Harry Potter
NBA
Kpop
Crossword
Marvel
Anime
Song
Puzzle
Soccer
The Office
NFL
WWE
Pokémon
Country
Your Account Isn't Verified!
In order to create a playlist on Sporcle, you need to verify the email address you used during registration. Go to your
Sporcle Settings
to finish the process.
Report this User
Report this user for behavior that violates our
Community Guidelines
.
Details:
Send Report
Go to the Sporcle.com Mobile Site →
Comments